The Surgeons : (Record no. 9559)

MARC details
000 -LEADER
fixed length control field 00827nam a22002292 4500
001 - CONTROL NUMBER
control field 0000021131
005 - DATE AND TIME OF LATEST TRANSACTION
control field 20151217152226.0
008 - FIXED-LENGTH DATA ELEMENTS--GENERAL INFORMATION
fixed length control field 120116s xx 000 0 eng d
020 ## - INTERNATIONAL STANDARD BOOK NUMBER
International Standard Book Number 0393065626 :
040 ## - CATALOGING SOURCE
Original cataloging agency KABU
Transcribing agency KABU
100 1# - MAIN ENTRY--PERSONAL NAME
Personal name Morris, Charles R.
-- 0000181827
245 14 - TITLE STATEMENT
Title The Surgeons :
Remainder of title life and death in a top heart center /
Statement of responsibility, etc. Charles R. Morris.
250 ## - EDITION STATEMENT
Edition statement 1st ed.
260 ## - PUBLICATION, DISTRIBUTION, ETC. (IMPRINT)
Place of publication, distribution, etc. New York :
Name of publisher, distributor, etc. W. W. Norton,
Date of publication, distribution, etc. 2007.
300 ## - PHYSICAL DESCRIPTION
Extent xvi, 317 p. ;
Dimensions cm.
610 20 - SUBJECT ADDED ENTRY--CORPORATE NAME
Corporate name or jurisdiction name as entry element Columbia University Medical Center.
-- 0000181828
650 #0 - SUBJECT ADDED ENTRY--TOPICAL TERM
Topical term or geographic name as entry element Cardiac surgical procedures
Location of event New York City
General subdivision Pernal narratives.
-- 0000181829
650 #0 - SUBJECT ADDED ENTRY--TOPICAL TERM
Topical term or geographic name as entry element Academic medical centers
Location of event New York City
General subdivision History
-- Pernal narratives.
-- 0000181830
852 1# - LOCATION
-- p2160 KES
908 ## - PUT COMMAND PARAMETER (RLIN)
Put command parameter 120116
950 ## - LOCAL HOLDINGS (RLIN)
-- 1
Holdings
Withdrawn status Lost status Source of classification or shelving scheme Not for loan Home library Current library Date acquired Total Checkouts Full call number Barcode Date last seen Date last checked out Price effective from Koha item type
    Library of Congress Classification   Kabarak, Main Campus Kabarak, Main Campus 17/12/2015 3 RD598 .M67 2007 c. 1 20454 11/10/2018 24/09/2018 17/12/2015 General Collection
Designed with assistance from East African Informatics Ltd